| 000 | 01032nam0a22002531 4500 | ||
|---|---|---|---|
| 001 | rc\959378 | ||
| 005 | 20041129100428.6 | ||
| 035 | _a(NLR Aleph) 006129844 | ||
| 090 |
_a5549747 _c5549747 |
||
| 100 | _a20041129d1982 u |0rusy50 ca | ||
| 101 | 0 | _arus | |
| 102 | _aRU | ||
| 105 | _aa ||||||||| | ||
| 200 | 1 |
_aОпыт работы предприятий легкой промышленности Киргизии по экономии материальных ресурсов _f[Инж. А.К. Сатаров] |
|
| 210 |
_aФрунзе _cКиргизИНТИ _d1982 |
||
| 215 |
_a26 с., 5 л. табл. _d20 |
||
| 225 | 1 |
_aОбзорная информация _fКирг. респ. ин-т НТИ и пропаганды при Госплане КиргССР |
|
| 700 | 1 |
_aСатаров _bА. К. |
|
| 712 | 0 | 2 |
_aИнститут науч.-техн. информации _cФрунзе _3RU\NLR\AUTH\8810023903 |
| 801 | 0 |
_aRU _bNLR _gpsbo |
|
| 801 | 1 |
_aRU _bELAR _2rusmarc |
|
| 852 |
_aNLR _j83-4/26705 |
||
| 942 | _cBOOK | ||
| 980 | _aNB | ||